International trade and investment

Gardado en:
Detalles Bibliográficos
Autor Principal: Root, Franklin R.
Formato: Libro
Idioma:Undetermined
Publicado: Chicago South- Western 1984
Những chủ đề:
Các nhãn: Engadir etiqueta
Sen Etiquetas, Sexa o primeiro en etiquetar este rexistro!
Thư viện lưu trữ: Trung tâm Học liệu Trường Đại học Cần Thơ
LEADER 00510nam a2200181Ia 4500
001 CTU_81339
008 210402s9999 xx 000 0 und d
082 |a 382.19 
082 |b R776 
100 |a Root, Franklin R. 
245 0 |a International trade and investment 
245 0 |c Franklin R. Root 
260 |a Chicago 
260 |b South- Western 
260 |c 1984 
650 |a International finance,International trade 
904 |i Trọng Hải 
980 |a Trung tâm Học liệu Trường Đại học Cần Thơ